[Event "2nd Easter 4NCL Congress"]
[Site "Daventry"]
[Date "2022.04.16"]
[Round "3"]
[Board "17"]
[White "Ackley, Peter Je"]
[Black "Gibbon, Eric"]
[Result "1-0"]
[WhiteElo "2156"]
[BlackElo "1953"]
[PlyCount "0"]
[EventDate "2022.04.15"]
[EventRounds "7"]
[EventCountry "ENG"]

1. g3 {[%clk 01:30:59]} {[%emt 00:00:02]} d6 {[%clk 01:30:49]} {[%emt
00:00:11]} 2. Bg2 {[%clk 01:31:24]} {[%emt 00:00:05]} Nf6 {[%clk 01:30:45]}
{[%emt 00:00:33]} 3. c4 {[%clk 01:31:48]} {[%emt 00:00:06]} c6 {[%clk
01:31:08]} {[%emt 00:00:07]} 4. Nc3 {[%clk 01:32:02]} {[%emt 00:00:17]} e5
{[%clk 01:31:31]} {[%emt 00:00:05]} 5. d3 {[%clk 01:32:26]} {[%emt 00:00:07]}
Be7 {[%clk 01:31:47]} {[%emt 00:00:14]} 6. e4 {[%clk 01:30:36]} {[%emt
00:02:21]} O-O {[%clk 01:31:48]} {[%emt 00:00:28]} 7. Nge2 {[%clk 01:30:46]}
{[%emt 00:00:21]} Nbd7 {[%clk 01:27:38]} {[%emt 00:04:40]} 8. O-O {[%clk
01:26:05]} {[%emt 00:05:11]} h6 {[%clk 01:23:36]} {[%emt 00:04:31]} 9. b3
{[%clk 01:21:52]} {[%emt 00:04:44]} Re8 {[%clk 01:14:36]} {[%emt 00:09:30]} 10.
h3 {[%clk 01:19:22]} {[%emt 00:03:00]} Nf8 {[%clk 01:09:37]} {[%emt 00:05:29]}
11. Be3 {[%clk 01:19:10]} {[%emt 00:00:42]} Ng6 {[%clk 00:56:57]} {[%emt
00:13:09]} 12. Qd2 {[%clk 01:15:09]} {[%emt 00:04:31]} Bf8 {[%clk 00:50:43]}
{[%emt 00:06:44]} 13. Rad1 {[%clk 01:13:29]} {[%emt 00:02:10]} Qe7 {[%clk
00:47:11]} {[%emt 00:04:02]} 14. d4 {[%clk 01:10:09]} {[%emt 00:03:50]} Bd7
{[%clk 00:42:13]} {[%emt 00:05:26]} 15. Rfe1 {[%clk 01:08:12]} {[%emt
00:02:29]} b6 {[%clk 00:39:13]} {[%emt 00:03:29]} 16. f4 {[%clk 00:55:59]}
{[%emt 00:12:44]} exf4 {[%clk 00:37:47]} {[%emt 00:01:56]} 17. Nxf4 {[%clk
00:56:18]} {[%emt 00:00:11]} Nxf4 {[%clk 00:38:07]} {[%emt 00:00:10]} 18. gxf4
{[%clk 00:52:52]} {[%emt 00:03:56]} Rad8 {[%clk 00:33:05]} {[%emt 00:05:32]} 19.
e5 {[%clk 00:43:32]} {[%emt 00:09:50]} Nh5 {[%clk 00:24:39]} {[%emt 00:08:55]}
20. Ne4 {[%clk 00:36:01]} {[%emt 00:08:02]} Qh4 {[%clk 00:21:16]} {[%emt
00:03:52]} 21. Qf2 {[%clk 00:32:35]} {[%emt 00:03:57]} Qxf2+ {[%clk 00:20:59]}
{[%emt 00:00:48]} 22. Kxf2 {[%clk 00:32:50]} {[%emt 00:00:14]} d5 {[%clk
00:16:53]} {[%emt 00:04:36]} 23. Ng3 {[%clk 00:27:48]} {[%emt 00:05:32]} Nxg3
{[%clk 00:17:01]} {[%emt 00:00:22]} 24. Kxg3 {[%clk 00:28:13]} {[%emt
00:00:05]} Bb4 {[%clk 00:15:34]} {[%emt 00:01:57]} 25. Bd2 {[%clk 00:27:20]}
{[%emt 00:01:23]} Bxd2 {[%clk 00:15:07]} {[%emt 00:00:58]} 26. Rxd2 {[%clk
00:27:45]} {[%emt 00:00:06]} Be6 {[%clk 00:14:09]} {[%emt 00:01:27]} 27. Rc1
{[%clk 00:27:05]} {[%emt 00:01:09]} Re7 {[%clk 00:11:13]} {[%emt 00:03:27]} 28.
cxd5 {[%clk 00:26:34]} {[%emt 00:01:01]} cxd5 {[%clk 00:08:00]} {[%emt
00:03:42]} 29. Bf1 {[%clk 00:23:04]} {[%emt 00:04:00]} Bf5 {[%clk 00:05:56]}
{[%emt 00:02:34]} 30. Bd3 {[%clk 00:22:45]} {[%emt 00:00:49]} Bxd3 {[%clk
00:04:22]} {[%emt 00:02:05]} 31. Rxd3 {[%clk 00:23:08]} {[%emt 00:00:07]} g6
{[%clk 00:04:44]} {[%emt 00:00:09]} 32. Rdc3 {[%clk 00:22:07]} {[%emt
00:01:30]} Rdd7 {[%clk 00:05:01]} {[%emt 00:00:13]} 33. Rc6 {[%clk 00:21:49]}
{[%emt 00:00:48]} Re6 {[%clk 00:04:06]} {[%emt 00:01:24]} 34. f5 {[%clk
00:19:54]} {[%emt 00:02:26]} gxf5 {[%clk 00:02:00]} {[%emt 00:02:36]} 35. Kf4
{[%clk 00:20:12]} {[%emt 00:00:12]} Rg6 {[%clk 00:00:50]} {[%emt 00:01:40]} 36.
Kxf5 {[%clk 00:20:18]} {[%emt 00:00:24]} Rg2 {[%clk 00:01:10]} {[%emt
00:00:10]} 37. R1c2 {[%clk 00:19:03]} {[%emt 00:01:45]} Rg5+ {[%clk 00:01:07]}
{[%emt 00:00:34]} 38. Kf4 {[%clk 00:18:56]} {[%emt 00:00:36]} Kg7 {[%clk
00:01:23]} {[%emt 00:00:13]} 39. R2c3 {[%clk 00:18:29]} {[%emt 00:00:58]} Kh7
{[%clk 00:01:12]} {[%emt 00:00:41]} 40. Rg3 {[%clk 00:18:18]} {[%emt 00:00:41]}
Rh5 {[%clk 00:01:29]} {[%emt 00:00:13]} 41. Ke3 {[%clk 00:15:28]} {[%emt
00:03:20]} Rh4 {[%clk 00:01:48]} {[%emt 00:00:11]} 42. Kd3 {[%clk 00:15:21]}
{[%emt 00:00:37]} Kh8 {[%clk 00:01:29]} {[%emt 00:00:48]} 43. Rc8+ {[%clk
00:14:17]} {[%emt 00:01:35]} Kh7 {[%clk 00:01:58]} 44. Rcg8 {[%clk 00:12:53]}
{[%emt 00:01:53]} Rxh3 {[%clk 00:02:20]} {[%emt 00:00:08]} 45. Rxh3 {[%clk
00:13:19]} {[%emt 00:00:04]} Kxg8 {[%clk 00:02:35]} {[%emt 00:00:15]} 46. Rxh6
{[%clk 00:13:44]} {[%emt 00:00:05]} Kf8 {[%clk 00:02:48]} {[%emt 00:00:18]} 47.
Rc6 {[%clk 00:11:36]} {[%emt 00:02:39]} Ke7 {[%clk 00:01:44]} {[%emt 00:01:33]}
48. Ke3 {[%clk 00:10:20]} {[%emt 00:01:46]} Rb7 {[%clk 00:01:31]} {[%emt
00:00:43]} 49. Kf4 {[%clk 00:09:32]} {[%emt 00:01:18]} Rd7 {[%clk 00:01:04]}
{[%emt 00:00:57]} 50. Kf5 {[%clk 00:09:31]} {[%emt 00:00:31]} Rb7 {[%clk
00:00:42]} {[%emt 00:00:53]} 51. Rd6 {[%clk 00:06:59]} {[%emt 00:03:01]} Rc7
{[%clk 00:01:11]} {[%emt 00:00:01]} 52. Rxd5 {[%clk 00:07:18]} {[%emt
00:00:11]} Rc2 {[%clk 00:01:39]} {[%emt 00:00:03]} 53. a4 {[%clk 00:07:25]}
{[%emt 00:00:22]} Rc3 {[%clk 00:01:52]} {[%emt 00:00:17]} 54. Rb5 {[%clk
00:07:24]} {[%emt 00:00:31]} Kd7 {[%clk 00:02:07]} {[%emt 00:00:15]} 55. d5
{[%clk 00:07:16]} {[%emt 00:00:39]} Kc7 {[%clk 00:02:27]} {[%emt 00:00:10]} 56.
Kf6 {[%clk 00:06:51]} {[%emt 00:00:55]} a6 {[%clk 00:02:44]} {[%emt 00:00:13]}
57. Rb4 {[%clk 00:07:05]} {[%emt 00:00:15]} Rf3+ {[%clk 00:03:11]} {[%emt
00:00:02]} 58. Ke7 {[%clk 00:07:18]} {[%emt 00:00:18]} Re3 {[%clk 00:03:26]}
{[%emt 00:00:15]} 59. e6 {[%clk 00:06:58]} {[%emt 00:00:50]} fxe6 {[%clk
00:03:50]} {[%emt 00:00:06]} 60. d6+ {[%clk 00:07:17]} {[%emt 00:00:12]}  1-0

[Event "2nd Easter 4NCL Congress"]
[Site "Daventry"]
[Date "2022.04.16"]
[Round "3"]
[Board "18"]
[White "Jaszkiwskyj, Peter"]
[Black "Chan, Sheng Liang Bernard"]
[Result "1-0"]
[WhiteElo "1950"]
[BlackElo "2086"]
[PlyCount "0"]
[EventDate "2022.04.15"]
[EventRounds "7"]
[EventCountry "ENG"]

1. d4 {[%clk 01:28:40]} {[%emt 00:02:19]} Nf6 {[%clk 01:29:55]} {[%emt
00:01:06]} 2. c4 {[%clk 01:29:00]} {[%emt 00:00:09]} g6 {[%clk 01:30:23]}
{[%emt 00:00:03]} 3. Nf3 {[%clk 01:29:18]} {[%emt 00:00:11]} Bg7 {[%clk
01:30:49]} {[%emt 00:00:05]} 4. g3 {[%clk 01:29:35]} {[%emt 00:00:11]} O-O
{[%clk 01:31:14]} {[%emt 00:00:07]} 5. Bg2 {[%clk 01:29:58]} {[%emt 00:00:04]}
d6 {[%clk 01:31:18]} {[%emt 00:00:29]} 6. O-O {[%clk 01:30:16]} {[%emt
00:00:10]} c6 {[%clk 01:31:34]} {[%emt 00:00:16]} 7. b3 {[%clk 01:30:20]}
{[%emt 00:00:24]} d5 {[%clk 01:29:41]} {[%emt 00:02:25]} 8. Bb2 {[%clk
01:29:53]} {[%emt 00:00:55]} h6 {[%clk 01:29:37]} {[%emt 00:00:36]} 9. Nbd2
{[%clk 01:29:10]} {[%emt 00:01:11]} Bf5 {[%clk 01:29:34]} {[%emt 00:00:34]} 10.
Re1 {[%clk 01:26:15]} {[%emt 00:03:24]} Ne4 {[%clk 01:28:42]} {[%emt 00:01:23]}
11. Nh4 {[%clk 01:19:30]} {[%emt 00:07:14]} Nxd2 {[%clk 01:27:58]} {[%emt
00:01:15]} 12. Qxd2 {[%clk 01:19:16]} {[%emt 00:00:44]} Be6 {[%clk 01:28:13]}
{[%emt 00:00:15]} 13. Rac1 {[%clk 01:19:03]} {[%emt 00:00:42]} Nd7 {[%clk
01:27:39]} {[%emt 00:01:05]} 14. Qe3 {[%clk 01:16:33]} {[%emt 00:02:59]} g5
{[%clk 01:23:42]} {[%emt 00:04:28]} 15. Nf3 {[%clk 01:13:22]} {[%emt 00:03:41]}
Qb6 {[%clk 01:21:30]} {[%emt 00:02:43]} 16. Qd2 {[%clk 01:08:53]} {[%emt
00:04:58]} Rad8 {[%clk 01:20:21]} {[%emt 00:01:40]} 17. Bc3 {[%clk 01:08:12]}
{[%emt 00:01:11]} Qa6 {[%clk 01:18:28]} {[%emt 00:02:24]} 18. cxd5 {[%clk
01:07:45]} {[%emt 00:00:55]} cxd5 {[%clk 01:17:27]} {[%emt 00:01:32]} 19. Bb4
{[%clk 01:06:28]} {[%emt 00:01:46]} Rfe8 {[%clk 01:14:07]} {[%emt 00:03:51]} 20.
e3 {[%clk 01:02:40]} {[%emt 00:04:16]} Bg4 {[%clk 01:10:27]} {[%emt 00:04:11]}
21. h3 {[%clk 01:00:05]} {[%emt 00:03:05]} Bh5 {[%clk 01:10:20]} {[%emt
00:00:37]} 22. Rc7 {[%clk 00:59:18]} {[%emt 00:01:17]} e5 {[%clk 01:05:44]}
{[%emt 00:05:07]} 23. dxe5 {[%clk 00:55:22]} {[%emt 00:04:26]} Nxe5 {[%clk
01:01:28]} {[%emt 00:04:46]} 24. Nxe5 {[%clk 00:54:52]} {[%emt 00:00:59]} Bxe5
{[%clk 01:01:55]} {[%emt 00:00:03]} 25. Bf1 {[%clk 00:52:56]} {[%emt 00:02:25]}
Qf6 {[%clk 00:57:00]} {[%emt 00:05:26]} 26. Rxb7 {[%clk 00:51:32]} {[%emt
00:01:54]} Rb8 {[%clk 00:55:53]} {[%emt 00:01:39]} 27. Rxb8 {[%clk 00:49:22]}
{[%emt 00:02:39]} Rxb8 {[%clk 00:56:09]} {[%emt 00:00:15]} 28. Rc1 {[%clk
00:49:24]} {[%emt 00:00:25]} Bf3 {[%clk 00:55:09]} {[%emt 00:01:33]} 29. Bc3
{[%clk 00:47:03]} {[%emt 00:02:51]} Be4 {[%clk 00:52:40]} {[%emt 00:02:59]} 30.
Bg2 {[%clk 00:46:38]} {[%emt 00:00:53]} Bxg2 {[%clk 00:49:28]} {[%emt
00:03:44]} 31. Kxg2 {[%clk 00:46:53]} {[%emt 00:00:14]} Bxc3 {[%clk 00:49:36]}
{[%emt 00:00:23]} 32. Qxc3 {[%clk 00:47:01]} {[%emt 00:00:21]} Qa6 {[%clk
00:50:01]} {[%emt 00:00:06]} 33. Rc2 {[%clk 00:45:55]} {[%emt 00:01:34]} Qe6
{[%clk 00:47:47]} {[%emt 00:02:44]} 34. Qd4 {[%clk 00:44:04]} {[%emt 00:02:21]}
Rb5 {[%clk 00:45:29]} {[%emt 00:02:50]} 35. Rd2 {[%clk 00:42:45]} {[%emt
00:01:48]} Ra5 {[%clk 00:42:56]} {[%emt 00:03:04]} 36. Qb4 {[%clk 00:39:19]}
{[%emt 00:03:55]} Ra6 {[%clk 00:41:13]} {[%emt 00:02:14]} 37. Qc5 {[%clk
00:34:18]} {[%emt 00:05:28]} Kg7 {[%clk 00:39:36]} {[%emt 00:02:10]} 38. Qd4+
{[%clk 00:31:36]} {[%emt 00:03:11]} Kg8 {[%clk 00:38:34]} {[%emt 00:01:32]} 39.
a4 {[%clk 00:31:49]} {[%emt 00:00:18]} Rb6 {[%clk 00:37:17]} {[%emt 00:01:46]}
40. b4 {[%clk 00:30:37]} {[%emt 00:01:42]} Rb8 {[%clk 00:30:33]} {[%emt
00:07:15]} 41. b5 {[%clk 00:30:32]} {[%emt 00:00:35]} a6 {[%clk 00:28:59]}
{[%emt 00:02:05]} 42. Qxd5 {[%clk 00:28:08]} {[%emt 00:02:53]} axb5 {[%clk
00:29:27]} {[%emt 00:00:02]} 43. axb5 {[%clk 00:27:32]} {[%emt 00:01:06]} Qb6
{[%clk 00:29:50]} {[%emt 00:00:08]} 44. Rb2 {[%clk 00:27:32]} {[%emt 00:00:26]}
Rc8 {[%clk 00:29:17]} {[%emt 00:01:06]} 45. Ra2 {[%clk 00:25:53]} {[%emt
00:02:08]} Rc5 {[%clk 00:25:11]} {[%emt 00:04:37]} 46. Ra8+ {[%clk 00:25:20]}
{[%emt 00:01:02]} Kg7 {[%clk 00:25:40]} {[%emt 00:00:02]} 47. Qd4+ {[%clk
00:25:35]} {[%emt 00:00:14]} Kh7 {[%clk 00:22:09]} {[%emt 00:04:02]} 48. Rh8+
{[%clk 00:25:06]} {[%emt 00:00:58]} Kg6 {[%clk 00:22:38]} {[%emt 00:00:03]} 49.
Rg8+ {[%clk 00:24:57]} {[%emt 00:00:38]} Kf5 {[%clk 00:22:54]} {[%emt
00:00:16]} 50. g4+ {[%clk 00:24:50]} {[%emt 00:00:35]}  1-0

[Event "2nd Easter 4NCL Congress"]
[Site "Daventry"]
[Date "2022.04.16"]
[Round "3"]
[Board "20"]
[White "Gordon, Sean"]
[Black "Handley, Michael R"]
[Result "1/2-1/2"]
[WhiteElo "1887"]
[BlackElo "2064"]
[PlyCount "0"]
[EventDate "2022.04.15"]
[EventRounds "7"]
[EventCountry "ENG"]

1. e4 {[%clk 01:30:57]} {[%emt 00:00:02]} e6 {[%clk 01:30:50]} {[%emt
00:00:11]} 2. d4 {[%clk 01:31:23]} {[%emt 00:00:04]} d5 {[%clk 01:31:17]}
{[%emt 00:00:04]} 3. Nc3 {[%clk 01:31:38]} {[%emt 00:00:14]} Bb4 {[%clk
01:31:40]} {[%emt 00:00:06]} 4. e5 {[%clk 01:32:03]} {[%emt 00:00:06]} c5
{[%clk 01:32:07]} {[%emt 00:00:03]} 5. Bd2 {[%clk 01:32:19]} {[%emt 00:00:14]}
Nh6 {[%clk 01:31:46]} {[%emt 00:00:50]} 6. a3 {[%clk 01:26:12]} {[%emt
00:06:38]} Bxc3 {[%clk 01:29:31]} {[%emt 00:02:45]} 7. Bxc3 {[%clk 01:25:53]}
{[%emt 00:00:49]} cxd4 {[%clk 01:27:37]} {[%emt 00:02:24]} 8. Bxd4 {[%clk
01:24:05]} {[%emt 00:02:18]} Nc6 {[%clk 01:27:34]} {[%emt 00:00:34]} 9. c3
{[%clk 01:18:50]} {[%emt 00:05:45]} Nf5 {[%clk 01:27:46]} {[%emt 00:00:17]} 10.
Bb5 {[%clk 01:18:31]} {[%emt 00:00:48]} Bd7 {[%clk 01:27:39]} {[%emt 00:00:38]}
11. Bxc6 {[%clk 01:17:45]} {[%emt 00:01:16]} Bxc6 {[%clk 01:28:07]} {[%emt
00:00:01]} 12. Ne2 {[%clk 01:16:37]} {[%emt 00:01:38]} Bb5 {[%clk 01:27:32]}
{[%emt 00:01:05]} 13. O-O {[%clk 01:14:51]} {[%emt 00:02:16]} Bxe2 {[%clk
01:14:32]} {[%emt 00:13:31]} 14. Qxe2 {[%clk 01:15:09]} {[%emt 00:00:12]} Nxd4
{[%clk 01:14:58]} {[%emt 00:00:04]} 15. cxd4 {[%clk 01:15:33]} {[%emt
00:00:05]} Qb6 {[%clk 01:15:24]} {[%emt 00:00:04]} 16. Rac1 {[%clk 01:08:48]}
{[%emt 00:07:15]} O-O {[%clk 01:15:25]} {[%emt 00:00:29]} 17. Qd2 {[%clk
01:08:41]} {[%emt 00:00:36]} Rac8 {[%clk 01:14:19]} {[%emt 00:01:37]} 18. Rc3
{[%clk 01:02:06]} {[%emt 00:07:05]} Rc4 {[%clk 01:14:32]} {[%emt 00:00:17]} 19.
Rxc4 {[%clk 01:01:39]} {[%emt 00:00:57]} dxc4 {[%clk 01:15:01]} 20. Qc3 {[%clk
01:00:57]} {[%emt 00:01:12]} Rc8 {[%clk 01:12:59]} {[%emt 00:02:32]} 21. Rd1
{[%clk 00:59:05]} {[%emt 00:02:22]} Qb3 {[%clk 01:00:16]} {[%emt 00:13:13]} 22.
Rd2 {[%clk 00:58:35]} {[%emt 00:01:00]} Qb5 {[%clk 00:48:30]} {[%emt 00:12:17]}
23. h3 {[%clk 00:54:57]} {[%emt 00:04:08]} h6 {[%clk 00:48:32]} {[%emt
00:00:28]} 24. Kh2 {[%clk 00:52:43]} {[%emt 00:02:44]}  1/2-1/2

[Event "2nd Easter 4NCL Congress"]
[Site "Daventry"]
[Date "2022.04.16"]
[Round "3"]
[Board "21"]
[White "Shenbagakumar, Gautham"]
[Black "Gomez, Daniel"]
[Result "0-1"]
[WhiteElo "1842"]
[BlackElo "2025"]
[PlyCount "0"]
[EventDate "2022.04.15"]
[EventRounds "7"]
[EventCountry "ENG"]

1. e4 {[%clk 01:30:58]} {[%emt 00:00:01]} e6 {[%clk 01:30:09]} {[%emt
00:00:52]} 2. d4 {[%clk 01:31:22]} {[%emt 00:00:05]} d5 {[%clk 01:30:36]}
{[%emt 00:00:04]} 3. Nc3 {[%clk 01:31:47]} {[%emt 00:00:05]} Nf6 {[%clk
01:31:00]} {[%emt 00:00:05]} 4. e5 {[%clk 01:32:14]} {[%emt 00:00:04]} Nfd7
{[%emt 00:00:08]} 5. f4 {[%clk 01:32:39]} c5 {[%clk 01:31:53]} {[%emt
00:00:03]} 6. Nf3 {[%clk 01:33:04]} {[%emt 00:00:04]} Nc6 {[%clk 01:32:20]}
{[%emt 00:00:04]} 7. Be3 {[%clk 01:33:30]} {[%emt 00:00:04]} Be7 {[%clk
01:32:46]} {[%emt 00:00:04]} 8. Be2 {[%clk 01:29:29]} {[%emt 00:04:31]} O-O
{[%clk 01:32:38]} {[%emt 00:00:38]} 9. O-O {[%clk 01:29:48]} {[%emt 00:00:11]}
b6 {[%clk 01:32:11]} {[%emt 00:00:58]} 10. Kh1 {[%clk 01:25:49]} {[%emt
00:04:28]} Kh8 {[%clk 01:22:15]} {[%emt 00:10:26]} 11. Qd2 {[%clk 01:21:37]}
{[%emt 00:04:42]} f6 {[%clk 01:21:10]} {[%emt 00:01:36]} 12. Bb5 {[%clk
01:12:55]} {[%emt 00:09:12]} Bb7 {[%clk 00:57:14]} {[%emt 00:24:25]} 13. Ne2
{[%clk 01:07:13]} {[%emt 00:06:12]} fxe5 {[%clk 00:42:23]} {[%emt 00:15:22]} 14.
Nxe5 {[%clk 01:05:41]} {[%emt 00:02:02]} Ndxe5 {[%clk 00:41:59]} {[%emt
00:00:55]} 15. fxe5 {[%clk 01:05:50]} {[%emt 00:00:19]} cxd4 {[%clk 00:39:59]}
{[%emt 00:02:30]} 16. Bxd4 {[%clk 01:03:44]} {[%emt 00:02:36]} a6 {[%clk
00:34:52]} {[%emt 00:05:38]} 17. Bd3 {[%clk 01:02:31]} {[%emt 00:01:43]} Qc7
{[%clk 00:34:48]} {[%emt 00:00:34]} 18. Qe3 {[%clk 01:01:43]} {[%emt 00:01:18]}
Bc5 {[%clk 00:33:40]} {[%emt 00:01:39]} 19. Bxc5 {[%clk 00:58:26]} {[%emt
00:03:46]} bxc5 {[%clk 00:34:06]} {[%emt 00:00:02]} 20. Qxc5 {[%clk 00:58:52]}
{[%emt 00:00:07]} Rfc8 {[%clk 00:29:04]} {[%emt 00:05:31]} 21. Nd4 {[%clk
00:50:28]} {[%emt 00:08:54]} Qxe5 {[%clk 00:28:11]} {[%emt 00:01:22]} 22. Nxc6
{[%clk 00:50:52]} {[%emt 00:00:07]} Bxc6 {[%clk 00:28:23]} {[%emt 00:00:19]} 23.
Qf2 {[%clk 00:48:41]} {[%emt 00:02:40]} Qd6 {[%clk 00:28:05]} {[%emt 00:00:48]}
24. Qh4 {[%clk 00:46:48]} {[%emt 00:02:23]} h6 {[%clk 00:28:23]} {[%emt
00:00:12]} 25. Qg4 {[%clk 00:36:19]} {[%emt 00:10:58]} e5 {[%clk 00:24:02]}
{[%emt 00:04:51]} 26. Rf7 {[%clk 00:36:03]} {[%emt 00:00:46]} Rg8 {[%clk
00:24:19]} {[%emt 00:00:15]} 27. Raf1 {[%clk 00:33:31]} {[%emt 00:03:01]} e4
{[%clk 00:22:13]} {[%emt 00:02:36]} 28. Be2 {[%clk 00:28:15]} {[%emt 00:05:46]}
Be8 {[%clk 00:21:58]} {[%emt 00:00:45]} 29. R7f4 {[%clk 00:21:55]} {[%emt
00:06:50]} Bg6 {[%clk 00:18:56]} {[%emt 00:03:33]} 30. Qg3 {[%clk 00:21:22]}
{[%emt 00:01:02]} Ra7 {[%clk 00:18:01]} {[%emt 00:01:25]} 31. Bg4 {[%clk
00:17:55]} {[%emt 00:03:57]} d4 {[%clk 00:15:26]} {[%emt 00:03:06]} 32. Qh4
{[%clk 00:14:49]} {[%emt 00:03:35]} Qe7 {[%clk 00:13:16]} {[%emt 00:02:40]} 33.
Qf2 {[%clk 00:13:00]} {[%emt 00:02:19]} e3 {[%clk 00:10:20]} {[%emt 00:03:27]}
34. Qe2 {[%clk 00:13:08]} {[%emt 00:00:21]} Rd8 {[%clk 00:10:41]} {[%emt
00:00:08]} 35. Bf5 {[%emt 00:01:31]} Bxf5 {[%clk 00:10:42]} {[%emt 00:00:01]}
36. Rxf5 {[%clk 00:13:05]} Rc7 {[%clk 00:10:04]} {[%emt 00:01:08]} 37. R5f3
{[%clk 00:07:43]} {[%emt 00:05:52]} Rxc2 {[%clk 00:06:28]} {[%emt 00:04:07]} 38.
Qxc2 {[%clk 00:01:27]} {[%emt 00:06:45]} d3 {[%clk 00:06:57]} {[%emt 00:00:01]}
39. Qc3 {[%clk 00:00:42]} {[%emt 00:01:15]} e2 {[%clk 00:07:24]} {[%emt
00:00:03]} 40. Rf7 {[%clk 00:00:39]} {[%emt 00:00:34]} exf1=Q+ {[%clk
00:07:39]} {[%emt 00:00:12]} 41. Rxf1 {[%clk 00:01:06]} {[%emt 00:00:05]} d2
{[%clk 00:07:08]} {[%emt 00:01:01]} 42. Rd1 {[%clk 00:00:36]} {[%emt 00:01:00]}
Qe2 {[%clk 00:07:17]} {[%emt 00:00:21]} 43. Qc2 {[%clk 00:00:41]} {[%emt
00:00:26]} Qe1+ {[%clk 00:07:38]} {[%emt 00:00:08]} 44. Rxe1 {[%clk 00:01:10]}
{[%emt 00:00:02]} dxe1=Q# {[%clk 00:08:03]} {[%emt 00:00:04]}  0-1